My Master (Record no. 158246)
[ view plain ]
| 000 -LEADER | |
|---|---|
| fixed length control field | 00401nam a2200145Ia 4500 |
| 008 - FIXED-LENGTH DATA ELEMENTS--GENERAL INFORMATION | |
| fixed length control field | 230411s9999 xx 000 0 und d |
| 020 ## - INTERNATIONAL STANDARD BOOK NUMBER | |
| International Standard Book Number | 978-93-83516-01-8 |
| 041 ## - LANGUAGE CODE | |
| Language code of text/sound track or separate title | eng |
| 082 ## - DEWEY DECIMAL CLASSIFICATION NUMBER | |
| Classification number | X/294/RAJ/B08634 |
| 100 ## - MAIN ENTRY--PERSONAL NAME | |
| Personal name | Rajagopalachari Parthasarathi |
| 9 (RLIN) | 179950 |
| 245 ## - TITLE STATEMENT | |
| Title | My Master |
| 260 ## - PUBLICATION, DISTRIBUTION, ETC. (IMPRINT) | |
| Name of publisher, distributor, etc. | Spiritual Hierarchy Publication Trust |
| Place of publication, distribution, etc. | Kolkata |
| Date of publication, distribution, etc. | 2014 |
| 300 ## - PHYSICAL DESCRIPTION | |
| Extent | 239p |
| Withdrawn status | Lost status | Damaged status | Not for loan | Collection code | Home library | Current library | Date acquired | Vendor | Cost, normal purchase price | Bill number | Total Checkouts | Full call number | Barcode | Date last seen | Cost, replacement price | Bill Date | Koha item type | Original Barcode |
|---|---|---|---|---|---|---|---|---|---|---|---|---|---|---|---|---|---|---|
| Smt. Bakul Tambat Institute of Nursing Education | Smt. Bakul Tambat Institute of Nursing Education | 09/01/2018 | MKSSSBTINE | 100.00 | X 294 RAJ B08634 | BTIN-BK-8634 | 11/04/2023 | 100.00 | 19/12/2017 | Books | B08634 |